Guess the Taylor Swift Song (no hints) 149 - Statistics

General Stats
  • This quiz has been taken 57 times
  • The average score is 227 of 260
Answer Stats
Answer % Correct
the
100%
you
100%
a
97%
be
97%
I
97%
in
97%
In
97%
me
97%
an
93%
it's
93%
It's
93%
just
93%
know
93%
They
93%
your
93%
And
90%
and
90%
(And
90%
But
90%
don't
90%
I'm
90%
is
90%
my
90%
on
90%
So
90%
so
90%
that
90%
That
90%
to
90%
told
90%
want
90%
was
90%
were
90%
when
90%
all
87%
At
87%
at
87%
back
87%
came
87%
didn't
87%
here
87%
if
87%
I've
87%
like
87%
of
87%
out
87%
reel
87%
say
87%
say)
87%
this
87%
time
87%
You're
87%
been
83%
down
83%
feel
83%
got
83%
had
83%
hard
83%
have
83%
heart
83%
least
83%
mad
83%
now
83%
town
83%
up
83%
wanted
83%
what
83%
about
80%
ahead
80%
became
80%
cages
80%
car
80%
curve,
80%
curve
80%
ended
80%
film
80%
flashback
80%
lot
80%
mental
80%
one
80%
potential
80%
regrets
80%
road
80%
screen
80%
shoot
80%
sphere
80%
these
80%
they're
80%
trying
80%
wasted
80%
way
80%
words
80%
adjusting
77%
days
77%
having
77%
kill
77%
off
77%
open
77%
pour
77%
rusting
77%
stranger
77%
wheels,
77%
whiskey
77%
you'd
77%
anywhere
73%
care
73%
classmates,
73%
doorway
73%
Fell
73%
party
73%
shiniest
73%
wound
73%
behind
70%
Pouring
70%
fears
67%
lookout
67%
Could've
63%
followed
63%
quite
63%
Pulled
57%
maybe
53%
No matching quizzes found
Score Distribution
Percent of People with Each Score
Percentile by Number Answered
Your Score History
You have not taken this quiz